The cell cycle: a practical approach

Sparad:
Bibliografiska uppgifter
Huvudupphovsmän: Fantes, Peter (Författare, medförfattare), Brooks, Robert (Författare, medförfattare)
Materialtyp: Bok
Språk:engelska
Publicerad: Oxford IRL Press 1994
Serie:<The >Practical Approach Series
Ämnen:
Taggar: Lägg till en tagg
Inga taggar, Lägg till första taggen!

MARC

LEADER 00000nam a2200000 a 4500
001 UCU2328
003 CL-VaPUC
008 960426e19940000UK |||||||||||||||||eng|d
082 0 4 |a 571.6  |b FAN  |2 21 
100 0 |a Fantes, Peter  |e author  |9 358384 
700 0 |a Brooks, Robert  |e author  |9 358385 
245 1 4 |a The cell cycle: a practical approach 
300 |a 325 p 
942 |c BK 
945 |d 19960426 00:00:00  |a rbrito 
260 |a Oxford  |b IRL Press  |c 1994 
650 0 |a Células   |9 269548 
650 0 |a Biología  |9 262022 
650 0 |a Citología  |9 261432 
650 0 |a División celular  |9 343784 
650 0 |a Fisiología celular   |9 261425 
650 0 |a Morfología celular  |9 358386 
650 7 |a MITOSIS  |2 CL-VaPUC  |9 358387 
650 7 |a ELECTROPOROSIS  |2 CL-VaPUC  |9 358388 
583 |a last modification  |c 19960426 00:00:00  |k Rodrigo Vera 
490 0 |a <The >Practical Approach Series 
999 |c 246644  |d 246642 
952 |0 0  |1 0  |4 0  |6 571_600000000000000_FAN_1994  |7 0  |8 A  |9 261814  |a BIBCUR  |b BIBCUR  |d 2019-11-19  |i 3195120  |o 571.6 FAN 1994  |p 3195120  |r 2025-04-22  |w 2019-11-19  |y BK  |k BCB